000 00270nmm a2200097Ia 4500
008 220120s9999||||xx |||||||||||||||||und||
020 _a978-81-312-0726-0
100 _aDigit
245 0 _aUbuntu 17.10, (64bit) live steaming tools, gaming clients
260 _bSan Francisco
999 _c140056
_d140056